Kombinované snímače teploty určené pre jadrové elektrárne typu VVER 440. STN 25 8322 : Skúšobné metódy pri prevádzkovej kontrole. December 2000

Enregistré dans:
Détails bibliographiques
Format: Livre
Langue:slovaque
Publié: Bratislava : Slovenský ústav technickej normalizácie, 2000
Sujets:
Tags: Ajouter un tag
Pas de tags, Soyez le premier à ajouter un tag!

MARC

LEADER 00000nam a22000003a 4500
001 stu79404
005 20150408161559.8
008 030303s2000----xo------------------slo-d
040 |a STU  |b slo 
041 0 |a slo 
044 |a xo 
080 |a 621.337.2 
245 |a Kombinované snímače teploty určené pre jadrové elektrárne typu VVER 440. STN 25 8322 :  |b Skúšobné metódy pri prevádzkovej kontrole. December 2000 
260 |a Bratislava :  |b Slovenský ústav technickej normalizácie,  |c 2000 
300 |a 16 s 
650 7 |a teplota-snímače  |2 stusub 
996 |b 284M039309  |c M*N-823-1  |l MMKN  |s A  |a 24  |w stu79404_0001